[Event "Mentese Flowers WGM Chess-ch 2022"]
[Site "Mentese-Mugla"]
[Date "2022.02.09"]
[Round "7.1"]
[White "Hekimoglu, Mihriban"]
[Black "Huseyinoglu, Alihan"]
[Result "0-1"]
[WhiteElo "1479"]
[BlackElo "2312"]
[Annotator "TA"]
[PlyCount "90"]
[EventDate "2022.02.06"]
[EventCountry "TUR"]
[SourceTitle "playchess.com"]
[Source "ChessBase"]
[SourceQuality "1"]

{[%evp 20,90,-35,-8,-20,-21,38,0,7,0,30,36,40,26,115,106,98,102,114,103,80,84,109,37,83,0,0,0,0,0,0,-25,-11,-20,-20,-20,-20,-182,-89,-76,-81,-78,-87,-330,-271,-376,-415,-390,-389,-496,-494,-443,-441,-497,-485,-478,-445,-723,-713,-967,-891,-866,-832,-1500,-1368,-922,-874,-1415,-1410,-5869,-5432,-5399,-5095]} 1. e4 c5 2. Nf3 {[%cal Bg1f3,Bf3d4,Bd4b3,Bb3d2,Bd2c4][%mdl 32]} Nc6 3. d4 cxd4 4. Nxd4 Nf6 5. Nc3 d6 6. Be2 e5 7. Nb3 Be7 8. Be3 O-O 9. O-O a5 {[%cal Ba7a5,Ba5a4,Ba4a3][%mdl 32]} 10. f4 a4 11. Nd2 a3 {B59: Classical Sicilian: 6 Be2 e5 7 Nb3.} 12. b3 {[#]} Rb8 $146 (12... exf4 $11 13. Rxf4 Qa5) ({Predecessor:} 12... Qa5 13. Na4 b5 14. Nb6 Rb8 15. Nd5 Nxd5 16. exd5 Nb4 17. Ne4 Bf5 18. Ng3 Bxc2 19. Qd2 exf4 20. Bxf4 {½-½ (37) Martinez Duany,L (2445)-Vera Gonzalez Quevedo,R (2495) Santa Clara 2008}) 13. Nd5 Nxd5 {The position is equal.} 14. exd5 Nb4 15. Nc4 {And now Qd2 would win.} b5 16. Nxa3 Qa5 (16... Bf6 $11) 17. Nxb5 $1 $16 {Strongly threatening a3.} Rxb5 18. Bxb5 exf4 {[#]} 19. Rxf4 Qxb5 {[#]} 20. c4 $1 Qb7 21. Bd4 (21. a3 $16 Na6 22. b4) 21... f5 (21... Na6 $14) 22. h4 ({Better is} 22. a3 $16 Na6 23. b4) 22... Na6 $11 23. Qf3 Nc5 24. Re1 Ne4 25. Rexe4 fxe4 26. Rxf8+ Bxf8 27. Qxe4 Qb4 {Hoping for ...Qd2.} 28. Bb2 $2 (28. Qe2 $11 {and White is okay.}) 28... h5 (28... Qa5 $19 {is more deadly.} 29. Qd4 Qxa2) 29. Qe3 $17 {[#]} Bf5 $1 30. Kh2 Qc5 31. Qc3 (31. Qe2 $17 {might work better.}) 31... Qf2 $19 32. Qd4 Qxd4 33. Bxd4 Bb1 34. a3 Ba2 {Black is clearly winning.} 35. b4 Bxc4 36. a4 Bxd5 37. b5 Kf7 38. a5 (38. Be3 $142 g6 39. Kg3) 38... Bc4 39. b6 Ba6 40. Kg3 Be7 41. Bf2 Ke6 42. Kf4 d5 43. g4 g6 {[%cal Bg7g6,Bg6h5][%mdl 32]} 44. gxh5 gxh5 {White must now prevent ...Bb4.} 45. Be1 Bf6 {Weighted Error Value: White=0.76/Black=0.19 (very precise)} 0-1

[Event "Mentese Flowers WGM Chess-ch 2022"]
[Site "Mentese-Mugla"]
[Date "2022.02.09"]
[Round "7.2"]
[White "Ince, Safiye Oyku"]
[Black "Darban, Morteza"]
[Result "0-1"]
[WhiteElo "1893"]
[BlackElo "2263"]
[Annotator "TA"]
[PlyCount "178"]
[EventDate "2022.02.06"]
[EventCountry "TUR"]
[SourceTitle "playchess.com"]
[Source "ChessBase"]
[SourceQuality "1"]

{[%evp 9,178,42,45,45,56,51,73,39,67,22,26,22,30,26,26,22,16,0,0,0,2,0,11,0,54,43,54,34,47,42,39,43,41,32,52,28,47,23,23,26,29,19,31,13,18,11,12,18,18,13,18,0,0,0,0,0,0,-50,-62,-65,0,0,0,0,0,0,0,-34,-34,-34,-34,-34,-34,-45,-45,-45,-45,-45,-34,-34,-26,-26,-26,-66,-26,-66,-43,-67,-26,-66,-66,-253,-66,-66,-26,-26,-26,-29,-26,-43,-43,-43,-43,-66,-34,-34,-34,-34,-34,-34,-34,-34,-34,-34,-34,-34,0,0,0,-34,-34,-309,-34,-34,-34,-34,-34,-34,-34,-34,-34,-61,0,-34,-34,-34,-34,-34,-34,-196,-196,-594,-542,-520,-468,-429,-408,-327,-319,-1956,-1611,-29968,-29969,-29967,-29966,-6453,-2036,-29978,-29978,-29978,-29979,-29980,-29981,-29983,-29984,-29985,-29986,-29986,-29987,-29986,-29987]} 1. e4 d5 2. exd5 Qxd5 3. Nc3 Qd6 4. d4 c6 5. g3 Nf6 6. Bg2 {B01: Scandinavian Defence.} Bg4 7. Nf3 Nbd7 8. Bf4 {White is better.} Qb4 9. Qd2 (9. O-O $14 {should be considered.}) 9... e6 $11 ({Much less strong is} 9... Qxb2 10. Rb1 Qa3 11. Rxb7 $16) 10. O-O Be7 11. a3 Qb6 (11... Qxb2 $2 12. Rfb1 Qb6 13. Rxb6 $18) 12. Rfe1 O-O {[#]} 13. Ne5 $146 ({Predecessor:} 13. b4 a6 14. Na4 Qd8 15. c4 Nb6 16. Nb2 Bxf3 17. Bxf3 Qd7 18. Rad1 Rfd8 19. Qe2 {0-1 (40) De Rosa,M (2078)-Novikova,M (2015) Chess.com INT 2020}) 13... Nxe5 14. Bxe5 Bf5 (14... Qxb2 $2 15. Reb1 Qb6 16. Rxb6 $18) 15. Na4 Qd8 16. c4 Qd7 (16... Ng4 $11) 17. Rad1 $14 Rfd8 18. Qc1 b6 19. Nc3 {d5 is the strong threat.} Rac8 20. h3 Qe8 21. Qe3 Qf8 22. g4 Bg6 23. d5 (23. b4 {keeps more tension.} h6 24. Qe2 Bd6 25. Rf1 Nd7 26. f4) 23... cxd5 24. cxd5 Nxd5 25. Nxd5 exd5 26. Bxd5 (26. Bxg7 $5 Kxg7 27. Qxe7 $11) 26... Bd6 27. Bb7 Bc5 28. Qg3 Rxd1 29. Rxd1 Rd8 30. Rxd8 Qxd8 31. Bf3 f6 32. Bc3 Bf7 33. b4 ({Better is} 33. Be4 $11) 33... Bd6 $15 34. Qg2 Qc7 (34... Bc7 $15 35. Qf1 Qd6) 35. Bc6 $11 h6 36. Qf3 Be5 37. Bxe5 Qxe5 38. Qe3 Qxe3 39. fxe3 $15 {[%mdl 4096] Endgame KB-KB} Kf8 40. Kf2 Ke7 41. Kf3 Kd6 42. Ba4 Ke5 43. Bc2 Bd5+ 44. Kf2 g5 45. Kg3 Be4 46. Bb3 Bb1 47. Kf3 Bg6 (47... Bd3 $5 {[%cal Rd3f1]}) 48. Kg3 Be8 (48... Bd3 $1 $15) 49. Kf3 Bb5 50. Bf7 $2 {[#]} (50. Kf2 $1 $15) 50... Bc6+ $2 (50... Bf1 $1 $19 51. Be8 Bxh3) 51. Kf2 $1 Bd5 52. Bg6 Be4 53. Bf7 Bc2 54. Bg8 Bg6 55. Bb3 h5 56. Bd1 hxg4 57. hxg4 Be8 58. Bf3 Ba4 59. Bb7 Bd1 60. Kg3 Bb3 61. Bf3 Bd5 62. Be2 Ke4 63. Bf3+ Ke5 64. Be2 Be4 65. Bc4 $2 {[%mdl 8192] [#]} ({Only move:} 65. Bd1 $1 $15) 65... Bc6 $2 ({Black should try} 65... Bc2 $1 $19 {Strongly threatening ...Ke4.} 66. Bf7 Bd1) 66. Be2 $1 Bd7 {And now ...Ke4 would win.} 67. Bf3 $1 Be6 68. Bg2 Bc4 69. Bf3 Bb3 70. Bg2 Bd1 (70... Bd5 $5 {[%cal Rd5g2]} 71. Bf1 Bc6 $15) 71. Bb7 Be2 72. Ba8 Bd3 {Hoping for ...Be4.} 73. Bf3 a5 74. bxa5 $2 {Black continues to play with concentration.} (74. Kh3 $15) 74... bxa5 $19 75. Bd1 $2 (75. Kf2 {was the crucial defense.}) 75... Kd5 76. Bb3+ Bc4 77. Bc2 Be2 {Threatens to win with ...Kc4.} 78. Bb3+ Ke4 {White must now prevent ...Kd3.} 79. Be6 $2 (79. Kf2 Bxg4 80. Bc2+ Kd5 81. Kg3) 79... Kxe3 80. a4 Bd1 81. Bd7 Bc2 82. Be8 Kd4 (82... Kd3 $142 83. Kf3 Kc4) 83. Bd7 Kc3 {Black mates.} 84. Kf3 Kb4 85. Ke3 Bxa4 86. Bf5 Kc3 87. Bb1 Bc2 88. Ba2 a4 {[%cal Ba5a4,Ba4a3][%mdl 32]} 89. Be6 a3 {Weighted Error Value: White=0.17 (very precise) /Black=0.15 (very precise)} 0-1

[Event "Mentese Flowers WGM Chess-ch 2022"]
[Site "Mentese-Mugla"]
[Date "2022.02.09"]
[Round "7.3"]
[White "Boshra, Alshaeby"]
[Black "Kirilmaz, Emre"]
[Result "0-1"]
[WhiteElo "1911"]
[BlackElo "2229"]
[Annotator "TA"]
[PlyCount "56"]
[EventDate "2022.02.06"]
[EventCountry "TUR"]
[SourceTitle "playchess.com"]
[Source "ChessBase"]
[SourceQuality "1"]

{[%evp 9,56,0,0,0,0,0,0,8,2,4,47,45,52,47,38,25,27,0,-6,-12,-18,-118,7,-59,-41,-191,-45,-45,0,0,0,0,0,0,0,-152,0,0,0,-911,-902,-939,-941,-1079,-1074,-1017,-942,-879,-848]} 1. e4 c6 2. d4 d5 3. e5 c5 4. Nf3 Nc6 5. c4 cxd4 6. Nxd4 {B12: Caro-Kann: Advance Variation.} e6 7. Nc3 {Black should prevent cxd5.} Bb4 8. Nxc6 {The position is equal.} bxc6 9. Qa4 Bxc3+ (9... Rb8 $11) 10. bxc3 $14 Bd7 11. Be3 {[#]} Ne7 $146 ({Predecessor:} 11... Qc7 12. f4 f6 13. cxd5 cxd5 14. Bb5 Ne7 15. O-O Bxb5 16. Qxb5+ Qc6 17. Qxc6+ Nxc6 18. exf6 gxf6 {½-½ (28) Pinter,E (2379)-Petran,P (2277) Tatranske Zruby 2012}) 12. Bc5 (12. Bd3 $5 {[%cal Re1g1]}) 12... Qb8 $1 13. Qa3 (13. Bxe7 $2 Qb2 14. Rd1 Qxc3+ 15. Rd2 Kxe7 16. cxd5 Qxe5+ 17. Be2 cxd5 18. Qb4+ Qd6 19. Qh4+ f6 $19) 13... Qxe5+ 14. Be2 Nf5 15. Rb1 (15. Kf1 $11 {remains equal.}) 15... f6 (15... Qe4 $17 16. Qb4 Qxg2) 16. g4 (16. f3 $11) 16... Nh4 $1 $15 (16... Qe4 17. Kd2 Nh4 18. Rhd1 $11) 17. Rb7 {[#]} ({White should play} 17. Kd2 $1 $15) 17... Qe4 (17... dxc4 $1 $19 {...Qe4 is the strong threat.} 18. Kf1 Rb8 19. Rxb8+ Qxb8) 18. Rf1 $1 Nf3+ $40 {[%mdl 128] Black attacks.} (18... Ng2+ $15 19. Kd1 Nf4) 19. Kd1 $11 dxc4 {And now ...Qd5+ would win. Dancing on a razor blade.} 20. Bxf3 ({Avoid the trap} 20. Be3 $2 c5 21. Rb2 Nxh2 $19) 20... Qd3+ 21. Kc1 $1 ({But not} 21. Ke1 Qxf3 22. Rg1 (22. Qb4 $2 Qe4+ 23. Kd1 Qd3+ 24. Ke1 Qe4+ 25. Kd1 Qd3+ 26. Ke1 a5 $19) 22... Qd5 $17) 21... Qxf1+ 22. Bd1 $2 {A strong pair of Bishops.} (22. Kb2 $1 $11 Rc8 23. Qxa7) 22... Qd3 $2 (22... Qh3 $17 23. Ba4 (23. Be3 Qxh2 24. f4 Qg3 $19) 23... Qf3) 23. Bd4 {[#] Black must now prevent Qd6.} e5 24. Bc2 $2 {[%mdl 8192]} Qf1+ $19 {Black is clearly winning.} 25. Kb2 exd4 26. Qd6 dxc3+ 27. Kxc3 Qe1+ 28. Kb2 Qe5+ {Weighted Error Value: White=0.65/Black=0.32} 0-1

[Event "Mentese Flowers WGM Chess-ch 2022"]
[Site "Mentese-Mugla"]
[Date "2022.02.09"]
[Round "7.5"]
[White "Haussernot, Cecile"]
[Black "Sibashvili, Giorgi"]
[Result "0-1"]
[WhiteElo "2155"]
[BlackElo "2399"]
[Annotator "TA"]
[PlyCount "58"]
[EventDate "2022.02.06"]
[EventCountry "TUR"]
[SourceTitle "playchess.com"]
[Source "ChessBase"]
[SourceQuality "1"]

{[%evp 9,58,-54,-38,-50,-41,-60,-33,-33,-33,-48,-44,-64,-64,-66,-65,-64,-43,-96,-97,-83,-95,-126,-108,-125,-120,-119,-128,-136,-116,-141,-135,-143,-138,-258,-250,-263,-246,-445,-432,-579,-544,-846,-874,-866,-865,-940,-922,-915,-910,-910,-902]} 1. e4 e5 2. f4 exf4 3. Nf3 Nf6 4. e5 Nh5 5. Qe2 Be7 6. d4 {C34: King's Gambit Accepted: 3 Nf3: 3...Nf6 and 3...d6.} O-O {aiming for ...d6.} 7. Nc3 d6 {Strongly threatening ...Bg4.} 8. Bd2 {Black is slightly better.} Bg4 {And now ...Nc6 would win.} 9. O-O-O {[%cal Og2g3]} Nd7 10. Qe1 {[#]} Re8 $146 ({Predecessor:} 10... c6 11. Be2 Re8 12. g3 dxe5 13. Nxe5 Nxe5 14. dxe5 f3 15. Bd3 Qd4 16. Qe4 Qxe4 17. Nxe4 {0-1 (23) Carlsen,M (2863)-Ding,L (2791) chess24.com INT 2020}) 11. exd6 Bxd6 12. Qf2 Nhf6 (12... c5 {looks sharper.} 13. Bc4 Nhf6 14. Ng5 Bh5 15. Nb5 Bb8) 13. Bd3 {To avoid Bf5} ({White should play} 13. Re1 $15) 13... c5 $17 {Black continues to play with concentration.} 14. Rhe1 Qb6 15. dxc5 Bxc5 16. Qf1 Be3 {Black is more active.} 17. Bxe3 Rxe3 18. Rxe3 Qxe3+ 19. Kb1 Bxf3 20. gxf3 Ne5 {[%cal Bd7e5,Be5c4,Bc4d2][%mdl 32]} 21. Be4 (21. Be2 $17) 21... Nxe4 $19 22. fxe4 {[#]} f3 $1 23. Re1 $2 (23. Qb5 {keeps fighting.} Qf4 24. Nd5 Qxh2 25. Qxb7) 23... Qd2 {Black is clearly winning.} 24. h3 {[#]} Nc4 $1 {[%mdl 512]} 25. Rd1 {[#]} (25. Nd1 Qb4) 25... Qxd1+ $3 {[%mdl 512]} 26. Qxd1 f2 27. Nd5 f1=Q {[%mdl 64] Deflection, Decoy} 28. Qxf1 Nd2+ 29. Kc1 Nxf1 {Weighted Error Value: White=0.48/Black=0.02 (flawless)} 0-1

[Event "Mentese Flowers WGM Chess-ch 2022"]
[Site "Mentese-Mugla"]
[Date "2022.02.09"]
[Round "8.1"]
[White "Darban, Morteza"]
[Black "Hekimoglu, Mihriban"]
[Result "1-0"]
[WhiteElo "2263"]
[BlackElo "1479"]
[Annotator "TA"]
[PlyCount "63"]
[EventDate "2022.02.06"]
[EventCountry "TUR"]
[SourceTitle "playchess.com"]
[Source "ChessBase"]
[SourceQuality "1"]

{[%evp 13,62,0,0,0,52,27,66,24,46,54,80,79,88,74,79,78,71,80,93,94,89,85,81,88,87,81,91,82,175,158,200,181,233,211,193,170,227,210,238,239,344,345,304,252,610,602,562,557,29998,29999,29999]} 1. e4 e5 2. Nf3 Nc6 3. Bb5 a6 4. Bxc6 dxc6 5. Nc3 Qf6 6. d4 exd4 7. Qxd4 Qxd4 8. Nxd4 {C68: Ruy Lopez: Exchange Variation, sidelines.} Nf6 ({Black should play} 8... Bd7 $11) 9. f3 Bb4 10. Bd2 (10. Bf4 $14 {was preferrable.}) 10... O-O 11. O-O-O c5 12. Nde2 {[#] White is more active.} Be6 $146 ({Predecessor:} 12... b5 13. Bg5 Nd7 14. Nd5 Nb6 15. Ne7+ Kh8 16. c3 Ba5 17. Nc6 f6 18. Be3 Nc4 19. Bxc5 {1-0 (35) Larrain Cortes,E (2070)-Amaro,H (2072) Santiago de Chile 2009}) 13. a3 Ba5 14. Na4 {[%csl LRa5,LRc5]} Bxd2+ 15. Rxd2 b6 {[#]} 16. Rhd1 $1 Bc4 17. Nac3 {[%cal Ba4c3,Bc3e2,Be2g3,Bg3f5][%mdl 32]} (17. Nf4 {is more complex.} Rfe8 18. h4 h6 19. Nc3 Rac8 20. a4) 17... Bxe2 18. Nxe2 {Threatens to win with e5.} Rfe8 19. g4 h6 20. h4 g5 (20... Nh7 $16 {was worth a try.}) 21. Ng3 $18 Kh7 (21... gxh4 $16 22. Nf5 Nh7 23. Nxh6+ Kg7) 22. Rh1 {And now hxg5 would win.} Kg6 (22... gxh4 {was called for.} 23. Nf5 (23. Rxh4 Rad8 $18) 23... Rad8) 23. Rdh2 Ng8 24. Kd2 Kf6 {[#]} (24... Rad8+ $142 25. Ke3 Rd7 26. hxg5 hxg5) 25. Nf5 $1 Ke5 26. Ke3 Rad8 (26... Rf8 $142 27. hxg5 hxg5) 27. hxg5 hxg5 28. Rh7 Kf6 (28... Rf8 29. Rg7 Kf6) 29. f4 {[%cal Oh1h6] Threatening mate with R1h6+!} gxf4+ 30. Kxf4 {[%cal Oh7h6] Intending R7h6+! and mate.} Rf8 {[#]} 31. R7h6+ $1 {[%mdl 512]} Nxh6 32. Rxh6# {Black did not feel at home in the position after the opening.  Weighted Error Value: White=0.08 (flawless) /Black=0.69} 1-0

[Event "Mentese Flowers WGM Chess-ch 2022"]
[Site "Mentese-Mugla"]
[Date "2022.02.09"]
[Round "8.2"]
[White "Kirilmaz, Emre"]
[Black "Ince, Safiye Oyku"]
[Result "1-0"]
[WhiteElo "2229"]
[BlackElo "1893"]
[Annotator "TA"]
[PlyCount "56"]
[EventDate "2022.02.06"]
[EventCountry "TUR"]
[SourceTitle "playchess.com"]
[Source "ChessBase"]
[SourceQuality "1"]

{[%evp 17,56,13,11,7,7,7,14,15,18,23,28,13,29,17,14,18,24,16,16,12,18,8,13,9,40,0,0,0,0,0,7,6,1,0,0,0,0,0,24,0,152]} 1. d4 Nf6 2. c3 e6 3. Bg5 h6 4. Bh4 b6 5. Nd2 Bb7 6. Ngf3 Be7 7. e3 {[%cal Be2e3,Be3e4][%mdl 32]} c5 8. Bd3 d6 9. O-O O-O 10. Re1 {A46: 1 d4 Nf6 2 Nf3 e6: Torre, London and Colle Systems.} Nc6 11. e4 cxd4 12. cxd4 Nh5 13. Bxe7 {[#]} Nxe7 $146 ({Predecessor:} 13... Qxe7 14. Rc1 Rac8 15. Qa4 a6 16. Qb3 Qd8 17. Bf1 Nf6 18. Nc4 b5 19. e5 Ne8 {0-1 (39) Taylor,M (2299)-Hunt,A (2431) Birmingham 2006}) 14. Rc1 Nf4 15. Bb1 Rc8 16. g3 {[#] Hoping for Rxc8.} Nfg6 17. Rxc8 (17. Qa4 {looks sharper.} Nc6 18. h4 Qd7 19. Qa3 Rfd8 20. Bd3) 17... Qxc8 18. h4 Rd8 19. Qe2 Ba6 20. Qe3 e5 21. dxe5 Nxe5 22. Nh2 Bb7 23. f4 Ng4 24. Nxg4 Qxg4 25. Qf3 Qh3 {[%cal Oe7f5]} 26. Qg2 Qg4 27. Kh2 Bc8 28. Bc2 {[#] Black must now prevent f5.} Ng6 $2 {Weighted Error Value: White=0.07 (flawless) /Black=0.06 (flawless)} ({Black should try} 28... d5 $11) 1-0

[Event "Mentese Flowers WGM Chess-ch 2022"]
[Site "Mentese-Mugla"]
[Date "2022.02.09"]
[Round "8.3"]
[White "Al Khatib, Ahmad"]
[Black "Boshra, Alshaeby"]
[Result "1-0"]
[WhiteElo "2219"]
[BlackElo "1911"]
[Annotator "TA"]
[PlyCount "37"]
[EventDate "2022.02.06"]
[EventCountry "TUR"]
[SourceTitle "playchess.com"]
[Source "ChessBase"]
[SourceQuality "1"]

{[%evp 9,36,29,40,31,34,21,22,21,27,21,22,27,20,22,24,35,33,25,71,48,79,77,326,190,1201,440,1201,1175,29999]} 1. e4 g6 2. d4 Bg7 3. c3 d5 4. Nd2 dxe4 5. Nxe4 Nd7 6. Nf3 {B06: Modern Defence.} Ngf6 7. Bd3 Nxe4 8. Bxe4 {The position is equal.} Nf6 9. Bd3 O-O 10. O-O b6 11. Re1 Bb7 12. Bg5 {[#]} h6 $146 {[#] Hoping for ...Bxf3.} ({Predecessor:} 12... e6 13. a4 a5 14. Qe2 Qd5 15. Qd2 Qd6 16. Ne5 Rac8 17. Nc4 Qd5 18. f3 Qd7 {½-½ (51) Stefanova,A (2550)-Ju,W (2389) Nalchik 2008}) 13. Bh4 Re8 (13... Rc8 $11) 14. Qe2 {White is more active.} a6 15. Ne5 Nh5 $2 {[#] A mistake that costs the game.} (15... Qd6 $16 {is a better defense.}) 16. Nxf7 (16. Nxg6 $142 $1 {[%mdl 512]} Nf6 17. Ne5 (17. Nxe7+ Kf8 $11)) 16... Kxf7 $2 (16... Qd5 17. Qg4 Qxg2+ 18. Qxg2 Bxg2) 17. Qe6+ $18 Kf8 {...Nf4 is the strong threat.} 18. Bc4 {[%csl Gc4][%cal Re6f7]} Nf4 19. Qf7# {Weighted Error Value: White=0.20 (precise) /Black=0.87} 1-0

[Event "Mentese Flowers WGM Chess-ch 2022"]
[Site "Mentese-Mugla"]
[Date "2022.02.09"]
[Round "8.5"]
[White "Huseyinoglu, Alihan"]
[Black "Haussernot, Cecile"]
[Result "1-0"]
[WhiteElo "2312"]
[BlackElo "2155"]
[Annotator "TA"]
[PlyCount "61"]
[EventDate "2022.02.06"]
[EventCountry "TUR"]
[SourceTitle "playchess.com"]
[Source "ChessBase"]
[SourceQuality "1"]

{[%evp 17,61,23,25,24,19,10,8,6,104,107,112,108,112,103,100,118,112,100,126,102,135,110,124,108,118,100,93,94,102,81,82,84,86,70,87,86,101,102,107,48,87,8,18,8,16,-9]} 1. d4 Nf6 2. c4 e6 3. Nc3 Bb4 4. Qc2 d5 5. cxd5 exd5 6. Bg5 {[%cal Bc1g5,Bg5h4,Bh4g3][%mdl 32]} h6 7. Bh4 c5 8. dxc5 g5 9. Bg3 Ne4 10. e3 {E35: Nimzo-Indian: Classical: 4...d5 5 cxd5 exd5.} Qa5 {[%cal Re4c3]} 11. Rc1 $1 {[%mdl 4] With the idea Bd3. now scores much better than the old 11.Nge2.} Qxa2 12. Bb5+ Nc6 (12... Bd7 $11 13. Bxd7+ Nxd7) 13. Nge2 $16 {[#] Black must now prevent 0-0.} Qa5 $146 {aiming for ...Qxb5.} ({Predecessor:} 13... Bf5 14. O-O Qa5 15. Nxe4 Bxe4 16. Bd3 Bxd3 17. Qxd3 Bxc5 18. Qxd5 Bb6 19. Qe4+ Kf8 {0-1 (50) Villegas,P (2397)-Pacher,M (2452) Budapest 2018}) 14. O-O {[%csl LRd5,LRe4][%cal Bh1f1,Bf1d1,Bd1d4][%mdl 32]} Bxc3 15. Nxc3 Nxc3 16. Qxc3 Qxc3 17. Rxc3 Bd7 18. Rd1 a6 {[%cal Ba7a6,Ba6a5][%mdl 32]} 19. Ba4 Nb4 20. Bb3 {[%cal Oe3e4]} Bc6 21. Bc7 a5 22. Rd4 {White is more active.} Kd7 23. Bb6 {This bishop pair is nice.} Rhe8 {Prevents e4.} 24. f3 f5 {To avoid e4} 25. Kf2 Ke6 {[%cal Bd7e6,Be6e5,Be5f6][%mdl 32] [#]} 26. Bxa5 $1 Rxa5 (26... Na2 27. Bxa2) 27. Rxb4 {e4 is the strong threat.} Ke5 {Prevents e4.} 28. f4+ ({Better is} 28. Bd1 $16) 28... Kf6 $1 $14 29. Rd4 ({White should try} 29. Bc2 $16) 29... Rb5 $11 30. g3 {[%cal Bg2g3,Bg3g4][%mdl 32]} Ra8 31. g4 {[%mdl 32768] Weighted Error Value: White=0.17 (very precise) /Black=0.13 (very precise) . Loss on time!?} 1-0

[Event "Mentese Flowers WGM Chess-ch 2022"]
[Site "Mentese-Mugla"]
[Date "2022.02.10"]
[Round "9.1"]
[White "Hekimoglu, Mihriban"]
[Black "Kirilmaz, Emre"]
[Result "0-1"]
[WhiteElo "1479"]
[BlackElo "2229"]
[Annotator "TA"]
[PlyCount "96"]
[EventDate "2022.02.06"]
[EventCountry "TUR"]
[SourceTitle "playchess.com"]
[Source "ChessBase"]
[SourceQuality "1"]

{[%evp 14,96,23,6,17,-32,-23,-33,-33,-33,-29,-55,-30,-47,-36,-56,-32,-66,-68,-68,-65,-69,-50,-64,-52,-63,-53,-58,-47,-70,-63,-88,-79,-88,-79,-100,-102,-95,-95,-100,-100,-101,-101,-94,-97,-104,-103,-103,-74,-91,-91,-127,-127,-195,-200,-198,-192,-202,-198,-199,-185,-229,-270,-277,-273,-437,-426,-409,-403,-541,-541,-541,-539,-541,-542,-542,-541,-541,-538,-538,-538,-530,-530,-530,-525]} 1. e4 c6 2. d4 d5 3. Nd2 dxe4 4. Nxe4 Nd7 5. Nf3 Ngf6 6. Nxf6+ Nxf6 7. Bd3 Bg4 8. c3 Qd5 {B17: Caro-Kann: Modern Line (4...Nd7).} 9. O-O (9. Be2 $11) 9... Bxf3 $15 10. Qxf3 (10. gxf3 {looks sharper.} e6 11. Bf4 Be7 12. Be5 O-O 13. Re1) 10... Qxf3 {Black is slightly better.} 11. gxf3 e6 12. Bf4 {[#]} Nh5 $146 {[%cal Bf6h5,Bh5g7,Bg7e8][%mdl 32]} ({Predecessor:} 12... Nd5 13. Be5 O-O-O 14. Rfc1 Bd6 15. Bg3 g5 16. c4 Bxg3 17. hxg3 Nb4 18. Bf1 Rxd4 {0-1 (39) Hansen,V (2112)-Orzech,D (2462) Krakow 2008}) 13. Bg3 g6 (13... O-O-O {seems wilder.} 14. Bc2 Bd6 15. Rfe1 h6 16. Rad1 Nf4) 14. Be5 Bg7 {White must now prevent ...Bxe5.} (14... Rg8 {is more complex.} 15. Rfd1 O-O-O 16. a4 Bd6 17. Bg3 Nf4) 15. Bxg7 Nxg7 16. Rfe1 O-O-O {[%cal Oc6c5]} 17. Bc4 Rd7 18. Re5 Rhd8 19. Rae1 Ne8 20. Kg2 Nf6 21. f4 Rc7 22. R1e2 Nd7 23. R5e3 c5 24. Bb3 cxd4 25. cxd4 Nf6 {Inhibits d5.} 26. Rd2 Rcd7 27. Red3 Ne4 28. Rd1 Kb8 {[%cal Oe4c5]} 29. Bc4 Nd6 30. Bb3 Nf5 {[%cal Rd7d4]} 31. d5 Ne7 {[%cal Re7d5]} 32. Kf3 Nxd5 33. R1d2 (33. h4 $17) 33... Nf6 $19 34. Rxd7 Rxd7 35. Rxd7 Nxd7 {[%mdl 4096] Endgame KB-KN} 36. Kg4 h6 37. f5 (37. Bc4 {might work better.}) 37... Nf6+ ({Not} 37... exf5+ 38. Kf4 f6 39. h4) ({Weaker is} 37... gxf5+ 38. Kh5 $11) 38. Kf4 {[%cal Ob3e6] [#] Strongly threatening Bxe6!} gxf5 {[%cal Bg6f5,Bf5f4][%mdl 32]} 39. Ke5 $2 (39. Bd1 Kc7 40. Ke5 Nd7+ 41. Kf4) 39... Ng4+ 40. Kd6 Nxf2 41. Ke7 f4 {Black is clearly winning.} 42. Kxf7 e5 {[%cal Be6e5,Be5e4,Be4e3,Be3e2][%mdl 32] [#] aiming for ...e4.} 43. Kg6 e4 44. Bd5 e3 45. Bf3 Nh3 {And now ...Ng1 would win.} 46. Kf5 Kc7 47. Kg4 Ng1 48. Kxf4 e2 {White did not feel at home in the position after the opening.  Weighted Error Value: White=0.21 (precise) /Black=0.05 (flawless)} 0-1